00675nam a2200241 a 4500001001300000003000900013005001700022008004100039020001000080082001500090100002000105245002700125260004300152300000900195500003500204505001000239650002400249700002000273902000800293942000700301952011000308999001500418nice12345678IN_TiNIC20260116011828.0050524s1971 lona grp 000 0 eng  ac10000a200.1bMIT aMitchell, Basil aPhilosophy of Religion aLondonbOxford University Press c1971 a200p aincludes index and biblioraphy2 aIndex aReligion-Philosophy1 aMitchell, Basil bSRS cBK 00104070aHMIbHMId2007-03-19g100.00l6m2o200.1 MITp09740r2025-07-22s2025-07-18w2026-01-16yEB c4271d4271